[Event "Copenhagen GM"]
[Site "Copenhagen"]
[Date "2014.03.29"]
[Round "6"]
[White "Aabling Thomsen, Jakob"]
[Black "Andersen, Mads"]
[Result "1/2-1/2"]
[WhiteElo "2365"]
[BlackElo "2497"]
[PlyCount "159"]
[EventDate "2014.03.26"]
[EventType "tourn"]
[EventRounds "9"]
[EventCountry "DEN"]
[EventCategory "9"]
[SourceTitle "CBM 159 Extra"]
[Source "ChessBase"]
[SourceDate "2014.04.24"]

1. e4 e5 2. Nf3 Nc6 3. Bc4 Bc5 4. c3 Nf6 5. d3 O-O 6. O-O d5 7. exd5 Nxd5 8. h3
Nb6 9. Bb5 Bd6 10. Re1 Re8 11. Nbd2 Bd7 12. Nc4 Nxc4 13. Bxc4 h6 14. d4 exd4
15. Rxe8+ Qxe8 16. cxd4 Qe7 17. Bd2 a6 18. Qb3 b5 19. Bd5 Rf8 20. a4 b4 21. Qd3
Qf6 22. Re1 Ne7 23. Ne5 Bxa4 24. Bc4 c5 25. Ra1 Bc6 26. Rxa6 Bxe5 27. dxe5 Qxe5
28. Be3 Be4 29. Qd6 Qxd6 30. Rxd6 Nf5 31. Rd7 Nxe3 32. fxe3 Bg6 33. Rc7 Rd8 34.
b3 Rd2 35. Rc8+ Kh7 36. Rxc5 Be4 37. Bf1 Rd1 38. Kf2 Bd3 39. Bxd3+ Rxd3 40. Rc7
Kg6 41. Rb7 Rxb3 42. Kf3 Rb1 43. e4 b3 44. Rb6+ Kh7 45. Rb7 h5 46. Kg3 b2 47.
Kh4 Kh6 48. Rb6+ g6 49. e5 Kg7 50. Rb8 Kh7 51. Rb7 Kg8 52. Rb8+ Kg7 53. Kg5 Re1
54. Rxb2 Rxe5+ 55. Kf4 Rf5+ 56. Kg3 g5 57. Rb6 Rf4 58. Ra6 Re4 59. Ra5 Kf6 60.
Ra6+ Kf5 61. Ra5+ Re5 62. Ra4 Rb5 63. Rc4 Rb3+ 64. Kf2 g4 65. Rc5+ Kg6 66. hxg4
hxg4 67. g3 Rf3+ 68. Kg2 Rd3 69. Ra5 Rd2+ 70. Kg1 Kf6 71. Ra4 Kg5 72. Ra5+ f5
73. Ra6 Rd7 74. Kg2 Rf7 75. Rb6 Rf6 76. Rb7 Kg6 77. Kf2 Ra6 78. Re7 Kf6 79. Re8
Re6 80. Ra8 1/2-1/2

[Event "Copenhagen GM"]
[Site "Copenhagen"]
[Date "2014.03.27"]
[Round "2"]
[White "Aabling Thomsen, Jakob"]
[Black "Hoi, Carsten"]
[Result "1/2-1/2"]
[WhiteElo "2365"]
[BlackElo "2396"]
[PlyCount "59"]
[EventDate "2014.03.26"]
[EventType "tourn"]
[EventRounds "9"]
[EventCountry "DEN"]
[EventCategory "9"]
[SourceTitle "CBM 159 Extra"]
[Source "ChessBase"]
[SourceDate "2014.04.24"]

1. e4 e6 2. d3 d5 3. Nd2 Nf6 4. Ngf3 b6 5. g3 Bb7 6. Qe2 Be7 7. Bg2 c5 8. O-O
Nc6 9. Re1 Qc7 10. a3 a5 11. h4 dxe4 12. dxe4 Ba6 13. c4 e5 14. Rb1 O-O 15. b3
Rad8 16. Bb2 Bc8 17. Nf1 Nd4 18. Bxd4 cxd4 19. b4 axb4 20. axb4 Bb7 21. N1d2
Ra8 22. Rec1 Ra2 23. Ne1 Rfa8 24. Qd1 h6 25. Rc2 R2a3 26. Qc1 Nd7 27. Qb2 Kh7
28. Kh2 Kg8 29. Kg1 Kh7 30. Kh2 1/2-1/2

[Event "Copenhagen GM"]
[Site "Copenhagen"]
[Date "2014.03.30"]
[Round "8"]
[White "Aabling Thomsen, Jakob"]
[Black "Teplyi, Igor"]
[Result "1/2-1/2"]
[WhiteElo "2365"]
[BlackElo "2395"]
[PlyCount "66"]
[EventDate "2014.03.26"]
[EventType "tourn"]
[EventRounds "9"]
[EventCountry "DEN"]
[EventCategory "9"]
[SourceTitle "CBM 159 Extra"]
[Source "ChessBase"]
[SourceDate "2014.04.24"]

1. e4 c5 2. Nf3 d6 3. c3 Nf6 4. h3 Nbd7 5. Bd3 b6 6. O-O Bb7 7. Re1 Qc7 8. Bc2
Rc8 9. d3 g6 10. Nbd2 Bg7 11. Nf1 O-O 12. Ng3 e5 13. h4 d5 14. h5 c4 15. hxg6
hxg6 16. Bg5 cxd3 17. Bxd3 Nc5 18. Bxf6 Bxf6 19. exd5 Bxd5 20. Bc2 Rcd8 21. Qe2
Rfe8 22. Ne4 Bg7 23. Nfg5 Qe7 24. Nxc5 Qxg5 25. Ne4 Qe7 26. Red1 Bb7 27. Bb3
Kf8 28. Qe3 Bf6 29. Qh6+ Bg7 30. Qe3 Bf6 31. Qh6+ Bg7 32. Qe3 Bf6 33. Qh6+ Bg7
1/2-1/2

[Event "Copenhagen GM"]
[Site "Copenhagen"]
[Date "2014.03.26"]
[Round "1"]
[White "Aabling Thomsen, Jakob"]
[Black "Ziska, Helgi Dam"]
[Result "1/2-1/2"]
[WhiteElo "2365"]
[BlackElo "2484"]
[PlyCount "69"]
[EventDate "2014.03.26"]
[EventType "tourn"]
[EventRounds "9"]
[EventCountry "DEN"]
[EventCategory "9"]
[SourceTitle "CBM 159 Extra"]
[Source "ChessBase"]
[SourceDate "2014.04.24"]

1. e4 c5 2. Nf3 d6 3. c3 Nf6 4. h3 Nbd7 5. Bd3 b6 6. O-O Bb7 7. Re1 Qc7 8. Bc2
Rc8 9. d3 e6 10. Bf4 Be7 11. Nbd2 O-O 12. Bh2 b5 13. a4 a6 14. Qb1 Ne5 15. Nxe5
dxe5 16. Nf3 Nd7 17. Qa2 Bd6 18. axb5 axb5 19. Qa5 Qc6 20. c4 bxc4 21. Ba4 Qc7
22. Qxc7 Rxc7 23. dxc4 Bc6 24. Red1 Bxa4 25. Rxa4 Rc6 26. Ra7 Nb6 27. Nxe5 Bxe5
28. Bxe5 Nxc4 29. Bc3 Rb6 30. Rc7 Nxb2 31. Rb1 Na4 32. Rxb6 Nxb6 33. Rxc5 Na4
34. Rc7 Nxc3 35. Rxc3 1/2-1/2

[Event "Copenhagen GM"]
[Site "Copenhagen"]
[Date "2014.03.30"]
[Round "9"]
[White "Andersen, Mads"]
[Black "Georgiev, Vladimir"]
[Result "1/2-1/2"]
[WhiteElo "2497"]
[BlackElo "2553"]
[PlyCount "20"]
[EventDate "2014.03.26"]
[EventType "tourn"]
[EventRounds "9"]
[EventCountry "DEN"]
[EventCategory "9"]
[SourceTitle "CBM 159 Extra"]
[Source "ChessBase"]
[SourceDate "2014.04.24"]

1. c4 e5 2. g3 c5 3. Bg2 Nc6 4. Nc3 g6 5. a3 Bg7 6. b4 d6 7. bxc5 dxc5 8. Bxc6+
bxc6 9. e4 h5 10. d3 h4 1/2-1/2

[Event "Copenhagen GM"]
[Site "Copenhagen"]
[Date "2014.03.30"]
[Round "7"]
[White "Andersen, Mads"]
[Black "Hoi, Carsten"]
[Result "0-1"]
[WhiteElo "2497"]
[BlackElo "2396"]
[PlyCount "124"]
[EventDate "2014.03.26"]
[EventType "tourn"]
[EventRounds "9"]
[EventCountry "DEN"]
[EventCategory "9"]
[SourceTitle "CBM 159 Extra"]
[Source "ChessBase"]
[SourceDate "2014.04.24"]

1. d4 g6 2. c4 Bg7 3. Nc3 d6 4. e4 Nf6 5. Nf3 O-O 6. Be2 e5 7. O-O exd4 8. Nxd4
Re8 9. f3 Nc6 10. Be3 Nxd4 11. Bxd4 Be6 12. Qd2 Nd7 13. Bxg7 Kxg7 14. f4 f6 15.
b3 a6 16. Rad1 Qb8 17. Kh1 Qa7 18. g4 Bf7 19. h4 h6 20. Kg2 Qc5 21. Bf3 Rad8
22. Rc1 Qb4 23. Rf2 Qc5 24. Re2 c6 25. Qb2 g5 26. hxg5 hxg5 27. Na4 Qa5 28. c5
gxf4 29. cxd6 Qg5 30. Qd4 Ne5 31. Rd1 Rh8 32. Rf2 Be6 33. Rg1 Kf7 34. Nc5 Nxg4
35. Kf1 Ne3+ 36. Qxe3 Qxg1+ 37. Kxg1 fxe3 38. Re2 Rxd6 39. Rxe3 Rd2 40. Nxb7
Rh3 41. Re2 Rd7 42. Bg2 Rxb7 43. Bxh3 Bxh3 44. Rh2 Bc8 45. Kf2 Ke6 46. Ke3 c5
47. Rh5 Rb5 48. Rh8 Bb7 49. Kd3 Rb4 50. Kc3 Rxe4 51. Re8+ Kd7 52. Rf8 Rf4 53.
Rf7+ Kc6 54. Kd3 Kb6 55. Ke3 Re4+ 56. Kd3 Re6 57. Kc4 Rd6 58. Rf8 a5 59. Kc3
Ba6 60. a3 Rd3+ 61. Kc2 Rf3 62. Rb8+ Bb7 0-1

[Event "Copenhagen GM"]
[Site "Copenhagen"]
[Date "2014.03.27"]
[Round "3"]
[White "Andersen, Mads"]
[Black "Richter, Michael"]
[Result "1-0"]
[WhiteElo "2497"]
[BlackElo "2470"]
[PlyCount "83"]
[EventDate "2014.03.26"]
[EventType "tourn"]
[EventRounds "9"]
[EventCountry "DEN"]
[EventCategory "9"]
[SourceTitle "CBM 159 Extra"]
[Source "ChessBase"]
[SourceDate "2014.04.24"]

1. c4 c6 2. Nf3 d5 3. g3 dxc4 4. Bg2 Nf6 5. O-O Qd5 6. Na3 e5 7. b3 e4 8. Ne1
cxb3 9. axb3 Be6 10. Nc4 Qd8 11. d3 Be7 12. Be3 Na6 13. Na5 Ng4 14. Nxb7 Qc7
15. Na5 Nxe3 16. fxe3 O-O 17. Bxe4 Bd5 18. Nxc6 Bxe4 19. Nxe7+ Qxe7 20. Rxa6
Bb7 21. Ra4 Qxe3+ 22. Rf2 Rac8 23. Nc2 Qb6 24. Rb4 Qc7 25. Rc4 Qb6 26. e4 a5
27. Ne1 Rcd8 28. Qc2 g6 29. Rc5 Rc8 30. Rxc8 Rxc8 31. Qd2 Bc6 32. Nf3 Qxb3 33.
Ne5 Qb1+ 34. Kg2 Be8 35. Ng4 h5 36. Nf6+ Kg7 37. Qxa5 Qxd3 38. Qe5 Bc6 39.
Nxh5+ Kh6 40. Qg7+ Kg5 41. Rf5+ Kg4 42. h3# 1-0

[Event "Copenhagen GM"]
[Site "Copenhagen"]
[Date "2014.03.28"]
[Round "5"]
[White "Andersen, Mads"]
[Black "Svane, Rasmus"]
[Result "1/2-1/2"]
[WhiteElo "2497"]
[BlackElo "2477"]
[PlyCount "61"]
[EventDate "2014.03.26"]
[EventType "tourn"]
[EventRounds "9"]
[EventCountry "DEN"]
[EventCategory "9"]
[SourceTitle "CBM 159 Extra"]
[Source "ChessBase"]
[SourceDate "2014.04.24"]

1. d4 Nf6 2. c4 e6 3. Nf3 d5 4. g3 dxc4 5. Bg2 Nc6 6. Qa4 Bb4+ 7. Bd2 Nd5 8.
Bxb4 Ndxb4 9. O-O Rb8 10. Nc3 a6 11. Ne5 O-O 12. Nxc6 Nxc6 13. Bxc6 bxc6 14.
Qxc4 Qd6 15. e3 Rxb2 16. Rab1 Rb6 17. f4 a5 18. Rfd1 Ba6 19. Qa4 c5 20. Ne4 Qd5
21. Rxb6 Qxe4 22. Rxa6 Qxe3+ 23. Kf1 Qf3+ 24. Kg1 Qe3+ 25. Kf1 Qf3+ 26. Kg1
Qe3+ 27. Kf1 Qf3+ 28. Kg1 Qe3+ 29. Kf1 Qf3+ 30. Kg1 Qe3+ 31. Kf1 1/2-1/2

[Event "Copenhagen GM"]
[Site "Copenhagen"]
[Date "2014.03.28"]
[Round "5"]
[White "Georgiev, Vladimir"]
[Black "Hoi, Carsten"]
[Result "1/2-1/2"]
[WhiteElo "2553"]
[BlackElo "2396"]
[PlyCount "93"]
[EventDate "2014.03.26"]
[EventType "tourn"]
[EventRounds "9"]
[EventCountry "DEN"]
[EventCategory "9"]
[SourceTitle "CBM 159 Extra"]
[Source "ChessBase"]
[SourceDate "2014.04.24"]

1. d4 Nf6 2. c4 g6 3. Nc3 Bg7 4. e4 d6 5. h3 O-O 6. Bg5 c6 7. Nf3 a6 8. Be2 b5
9. e5 b4 10. Na4 Ne4 11. Be3 f5 12. exf6 exf6 13. Qc2 Re8 14. Bd3 Ng3 15. fxg3
Rxe3+ 16. Kf2 Re8 17. Rhe1 Rxe1 18. Rxe1 Nd7 19. Qd2 a5 20. Qf4 Qf8 21. c5 dxc5
22. dxc5 Kh8 23. Kf1 Bb7 24. Qc7 Ne5 25. Nxe5 fxe5+ 26. Kg1 e4 27. Rxe4 Rd8 28.
Qxb7 Rxd3 29. Kh2 Rd1 30. Rf4 Qe8 31. Re4 Qf8 32. Qc7 Bd4 33. Rxd4 Rxd4 34.
Qe5+ Qg7 35. Qe8+ Qg8 36. Qxc6 Qd8 37. Nb6 Rd1 38. Qe4 Kg7 39. Nc4 Qd4 40. Qe7+
Kg8 41. Qe8+ Kg7 42. Ne3 Rc1 43. c6 Qc5 44. Qd7+ Kg8 45. Qe6+ Kg7 46. Qd7+ Kg8
47. Qe6+ 1/2-1/2

[Event "Copenhagen GM"]
[Site "Copenhagen"]
[Date "2014.03.30"]
[Round "8"]
[White "Georgiev, Vladimir"]
[Black "Mikkelsen, Nikolaj"]
[Result "1/2-1/2"]
[WhiteElo "2553"]
[BlackElo "2423"]
[PlyCount "93"]
[EventDate "2014.03.26"]
[EventType "tourn"]
[EventRounds "9"]
[EventCountry "DEN"]
[EventCategory "9"]
[SourceTitle "CBM 159 Extra"]
[Source "ChessBase"]
[SourceDate "2014.04.24"]

1. d4 Nf6 2. c4 e6 3. Nc3 Bb4 4. e3 O-O 5. Bd3 c5 6. Nge2 d5 7. cxd5 cxd4 8.
exd4 Nxd5 9. O-O Nc6 10. Nxd5 exd5 11. Nf4 Bd6 12. Re1 Qf6 13. Nxd5 Qxd4 14.
Be3 Qg4 15. Be2 Qg6 16. Bf3 Rd8 17. Bf4 Bg4 18. Bxd6 Bxf3 19. Qxf3 Qxd6 20.
Rad1 Re8 21. Re3 Rxe3 22. Nxe3 Qe6 23. Qd5 Qxd5 24. Rxd5 Rd8 25. Rxd8+ Nxd8 26.
Kf1 Kf8 27. Ke2 Ke7 28. Kd3 Ke6 29. f4 f5 30. Kd4 Nc6+ 31. Kc5 Nb8 32. a4 Nd7+
33. Kd4 Nf6 34. b4 g6 35. a5 Nd7 36. b5 Kd6 37. Nc4+ Ke6 38. Nb2 Kd6 39. Nd3
Nf8 40. g3 Nd7 41. Kc4 Nf6 42. Nc5 b6 43. axb6 axb6 44. Na4 Nd5 45. Kd4 Ke6 46.
Kc4 Kd6 47. Kd4 1/2-1/2

[Event "Copenhagen GM"]
[Site "Copenhagen"]
[Date "2014.03.26"]
[Round "1"]
[White "Georgiev, Vladimir"]
[Black "Richter, Michael"]
[Result "1/2-1/2"]
[WhiteElo "2553"]
[BlackElo "2470"]
[PlyCount "80"]
[EventDate "2014.03.26"]
[EventType "tourn"]
[EventRounds "9"]
[EventCountry "DEN"]
[EventCategory "9"]
[SourceTitle "CBM 159 Extra"]
[Source "ChessBase"]
[SourceDate "2014.04.24"]

1. d4 d5 2. c4 c6 3. Nc3 dxc4 4. Nf3 e6 5. g3 Nf6 6. Bg2 Nbd7 7. O-O Be7 8. e4
O-O 9. a4 e5 10. a5 exd4 11. Nxd4 Nc5 12. a6 Bg4 13. Qd2 Qb6 14. h3 Ne6 15.
axb7 Rad8 16. b8=Q Rxb8 17. Nf5 Bxf5 18. exf5 Nd4 19. Qe3 Rfe8 20. Na4 Qd8 21.
Rd1 c5 22. Nc3 Qc7 23. Qf4 Bd6 24. Qh4 Be5 25. Kh1 Nb3 26. Ra2 Nxc1 27. Rxc1
Bd4 28. Rf1 Qe5 29. g4 h6 30. f4 Qe7 31. g5 Bxc3 32. bxc3 Ne4 33. f6 gxf6 34.
gxf6 Qxf6 35. Qxf6 Nxf6 36. Ra4 Re7 37. Rxc4 Rc7 38. Rf2 Rb1+ 39. Kh2 Ra1 40.
Rb2 a6 1/2-1/2

[Event "Copenhagen GM"]
[Site "Copenhagen"]
[Date "2014.03.27"]
[Round "3"]
[White "Georgiev, Vladimir"]
[Black "Svane, Rasmus"]
[Result "0-1"]
[WhiteElo "2553"]
[BlackElo "2477"]
[PlyCount "72"]
[EventDate "2014.03.26"]
[EventType "tourn"]
[EventRounds "9"]
[EventCountry "DEN"]
[EventCategory "9"]
[SourceTitle "CBM 159 Extra"]
[Source "ChessBase"]
[SourceDate "2014.04.24"]

1. d4 Nf6 2. c4 g6 3. Nc3 d5 4. Bg5 Bg7 5. Bxf6 Bxf6 6. cxd5 c6 7. dxc6 Bxd4 8.
cxb7 Bxb7 9. e3 Bxc3+ 10. bxc3 Qa5 11. Rb1 Qxc3+ 12. Qd2 Qxd2+ 13. Kxd2 Bd5 14.
Bb5+ Kf8 15. Nf3 Kg7 16. Rhc1 Bxa2 17. Ra1 Bd5 18. Rc7 a6 19. Ba4 a5 20. Rxe7
Rd8 21. Ke2 Na6 22. Nd4 Kf6 23. Rd7 Rxd7 24. Bxd7 Nc5 25. Bc6 Bxc6 26. Nxc6 a4
27. Nd4 Ke5 28. Rc1 Kd5 29. Nb5 Ra5 30. Rd1+ Kc4 31. Nd6+ Kb3 32. Nb7 Nxb7 33.
Rb1+ Kc4 34. Rxb7 a3 35. Rc7+ Kb4 36. Rb7+ Ka4 0-1

[Event "Copenhagen GM"]
[Site "Copenhagen"]
[Date "2014.03.30"]
[Round "7"]
[White "Georgiev, Vladimir"]
[Black "Ziska, Helgi Dam"]
[Result "1/2-1/2"]
[WhiteElo "2553"]
[BlackElo "2484"]
[PlyCount "87"]
[EventDate "2014.03.26"]
[EventType "tourn"]
[EventRounds "9"]
[EventCountry "DEN"]
[EventCategory "9"]
[SourceTitle "CBM 159 Extra"]
[Source "ChessBase"]
[SourceDate "2014.04.24"]

1. d4 Nf6 2. c4 g6 3. Nc3 Bg7 4. e4 d6 5. h3 O-O 6. Bg5 Qe8 7. Nf3 e5 8. dxe5
dxe5 9. Be2 Na6 10. Be3 Nh5 11. c5 Nf4 12. O-O Nxe2+ 13. Qxe2 c6 14. Rfd1 f6
15. b4 Qe7 16. b5 Nxc5 17. bxc6 bxc6 18. Qc4+ Ne6 19. Qxc6 Bb7 20. Rd7 Bxc6 21.
Rxe7 Rfe8 22. Rxa7 f5 23. Rb1 Nd4 24. Rxa8 Rxa8 25. Rb6 Bxe4 26. Nxe4 Nxf3+ 27.
gxf3 fxe4 28. fxe4 Rxa2 29. Rb8+ Kf7 30. Rb7+ Kg8 31. Kg2 Ra8 32. Kg3 Ra3 33.
Kg2 Ra4 34. f3 Ra3 35. Bc1 Ra8 36. Bb2 Rf8 37. Ba3 Ra8 38. Bd6 Rd8 39. Be7 Rd2+
40. Kf1 Rh2 41. h4 Rc2 42. Bg5 Ra2 43. Rd7 Rc2 44. Rd8+ 1/2-1/2

[Event "Copenhagen GM"]
[Site "Copenhagen"]
[Date "2014.03.29"]
[Round "6"]
[White "Hoi, Carsten"]
[Black "Mikkelsen, Nikolaj"]
[Result "1-0"]
[WhiteElo "2396"]
[BlackElo "2423"]
[PlyCount "103"]
[EventDate "2014.03.26"]
[EventType "tourn"]
[EventRounds "9"]
[EventCountry "DEN"]
[EventCategory "9"]
[SourceTitle "CBM 159 Extra"]
[Source "ChessBase"]
[SourceDate "2014.04.24"]

1. d4 Nf6 2. Nf3 d5 3. c4 e6 4. Nc3 Bb4 5. e3 O-O 6. Bd3 Nc6 7. O-O a6 8. a3
dxc4 9. Bxc4 Bd6 10. h3 e5 11. Qc2 Qe7 12. Ng5 g6 13. d5 Nd8 14. e4 Nh5 15. Nf3
Kh8 16. Bh6 Rg8 17. Bg5 f6 18. Be3 g5 19. Nh2 Nf4 20. Be2 Nf7 21. Bg4 h5 22.
Bxc8 Raxc8 23. Ne2 g4 24. h4 f5 25. Nxf4 exf4 26. Bd4+ Be5 27. Bxe5+ Nxe5 28.
exf5 Qxh4 29. Qc3 Rce8 30. Rfe1 Qf6 31. Nf1 Rg7 32. Nd2 Kh7 33. Kf1 b5 34. Ne4
Qxf5 35. d6 Kg6 36. Rad1 Nc4 37. d7 Rd8 38. Rd5 Qxd5 39. Qf6+ Kh7 40. Qxd8 Nd2+
41. Nxd2 Qxd2 42. Qe8 Rxd7 43. Qxh5+ Kg7 44. Qxg4+ Kf7 45. Qe6+ Kg7 46. Qe5+
Kf7 47. Kg1 Qd6 48. Qf5+ Kg8 49. Re8+ Kg7 50. Re6 Qd1+ 51. Kh2 Qd5 52. Qf6+ 1-0

[Event "Copenhagen GM"]
[Site "Copenhagen"]
[Date "2014.03.30"]
[Round "8"]
[White "Hoi, Carsten"]
[Black "Richter, Michael"]
[Result "1/2-1/2"]
[WhiteElo "2396"]
[BlackElo "2470"]
[PlyCount "131"]
[EventDate "2014.03.26"]
[EventType "tourn"]
[EventRounds "9"]
[EventCountry "DEN"]
[EventCategory "9"]
[SourceTitle "CBM 159 Extra"]
[Source "ChessBase"]
[SourceDate "2014.04.24"]

1. c4 e5 2. e3 Nf6 3. Nc3 Bb4 4. d4 exd4 5. exd4 O-O 6. Bd3 c5 7. d5 d6 8. Nge2
Nbd7 9. O-O Ne5 10. Bg5 h6 11. Bh4 Ng6 12. Bxf6 Qxf6 13. Ne4 Qe7 14. f4 f5 15.
N4g3 Bd7 16. Kh1 Ba5 17. a3 Kh8 18. Rb1 Rab8 19. b4 Bb6 20. Qc2 Qf6 21. Nh5 Qf7
22. Nhg3 Ne7 23. Qb2 Qf6 24. Qxf6 Rxf6 25. Nc1 g6 26. Nb3 Rf7 27. Rfe1 cxb4 28.
axb4 Ng8 29. Ne2 Bf2 30. Rf1 Be3 31. Ned4 Re8 32. Rbe1 Rfe7 33. Ne6 Bxe6 34.
Rxe3 Bf7 35. Rxe7 Rxe7 36. Kg1 b5 37. Na5 Re3 38. Rd1 Nf6 39. h3 Re8 40. Nc6
bxc4 41. Bxc4 Re4 42. Rc1 Bxd5 43. Bxd5 Nxd5 44. b5 Nxf4 45. Kf1 Ra4 46. Re1
Nd5 47. Re6 Ra1+ 48. Kf2 Nc3 49. Rxg6 Kh7 50. Re6 Nxb5 51. Rf6 Ra2+ 52. Kf3 Ra6
53. Rxf5 Rxc6 54. Rxb5 Kg6 55. Ra5 a6 56. g4 Rc3+ 57. Kg2 Rc6 58. Kf3 Rc3+ 59.
Kg2 Kf6 60. Rxa6 Ke5 61. Ra5+ Rc5 62. Ra8 d5 63. Kg3 d4 64. Re8+ Kd5 65. Kf4
Rc6 66. Rd8+ 1/2-1/2

[Event "Copenhagen GM"]
[Site "Copenhagen"]
[Date "2014.03.26"]
[Round "1"]
[White "Hoi, Carsten"]
[Black "Svane, Rasmus"]
[Result "0-1"]
[WhiteElo "2396"]
[BlackElo "2477"]
[PlyCount "72"]
[EventDate "2014.03.26"]
[EventType "tourn"]
[EventRounds "9"]
[EventCountry "DEN"]
[EventCategory "9"]
[SourceTitle "CBM 159 Extra"]
[Source "ChessBase"]
[SourceDate "2014.04.24"]

1. Nf3 d5 2. e3 Nf6 3. c4 e6 4. d4 Be7 5. Nc3 O-O 6. b3 b6 7. Bb2 Bb7 8. Bd3
dxc4 9. bxc4 c5 10. O-O cxd4 11. exd4 Nc6 12. Rc1 Rc8 13. Re1 Re8 14. a3 Na5
15. Ne5 Bd6 16. Re3 Nc6 17. Nb5 Bb8 18. Rh3 h6 19. Ng4 Nxg4 20. Qxg4 Qg5 21.
Qxg5 hxg5 22. a4 f6 23. Bg6 Red8 24. d5 Ne7 25. Bh7+ Kf7 26. dxe6+ Kxe6 27.
Re1+ Kf7 28. Bb1 a6 29. Rhe3 Ng6 30. Bxg6+ Kxg6 31. Re7 axb5 32. Rxb7 bxc4 33.
Rxb6 c3 34. Bc1 c2 35. Kf1 Rd1 36. Rbe6 Bf4 0-1

[Event "Copenhagen GM"]
[Site "Copenhagen"]
[Date "2014.03.27"]
[Round "3"]
[White "Hoi, Carsten"]
[Black "Ziska, Helgi Dam"]
[Result "1/2-1/2"]
[WhiteElo "2396"]
[BlackElo "2484"]
[PlyCount "132"]
[EventDate "2014.03.26"]
[EventType "tourn"]
[EventRounds "9"]
[EventCountry "DEN"]
[EventCategory "9"]
[SourceTitle "CBM 159 Extra"]
[Source "ChessBase"]
[SourceDate "2014.04.24"]

1. d4 Nf6 2. c4 g6 3. Nc3 Bg7 4. e4 d6 5. Nf3 O-O 6. h3 e5 7. d5 a5 8. Bg5 Na6
9. g4 Qe8 10. Be2 Nd7 11. Qd2 Ndc5 12. Rg1 Na4 13. Nh4 N6c5 14. f3 Nxc3 15.
Qxc3 f6 16. Be3 Qe7 17. Qd2 Bd7 18. O-O-O Kh8 19. Kb1 Rf7 20. Rg3 b6 21. Rdg1
Rg8 22. Bd1 Qd8 23. Bc2 Bf8 24. g5 Be7 25. gxf6 Bxf6 26. Nf5 Rff8 27. Nh6 Rg7
28. Qg2 Bh4 29. Nf5 Bxg3 30. Qxg3 Rgf7 31. Bg5 Rf6 32. Nh6 Qb8 33. Bxf6+ Rxf6
34. Ng4 Bxg4 35. hxg4 g5 36. Rh1 Kg7 37. Qh3 h6 38. Rf1 b5 39. cxb5 Qxb5 40.
Qg2 Rf8 41. Ka1 Rb8 42. Rb1 a4 43. a3 Qc4 44. Qd2 Rb3 45. Bd1 Rxf3 46. Qa5 Rf7
47. Qb4 Qd4 48. Bc2 Rf2 49. Qb8 Rf7 50. Qb4 Qe3 51. Bxa4 h5 52. gxh5 g4 53. Be8
Rf8 54. Qb8 Kh8 55. Qxc7 Rxe8 56. Qxd6 Nxe4 57. Qc6 Rd8 58. Qc7 Qg5 59. Rf1 Rg8
60. Rf7 Rg7 61. Qc8+ Kh7 62. Rf8 Rg8 63. Rxg8 Qxg8 64. Qf5+ Kh6 65. Qxe4 g3 66.
Qg2 Qg5 1/2-1/2

[Event "Copenhagen GM"]
[Site "Copenhagen"]
[Date "2014.03.28"]
[Round "5"]
[White "Mikkelsen, Nikolaj"]
[Black "Aabling Thomsen, Jakob"]
[Result "1-0"]
[WhiteElo "2423"]
[BlackElo "2365"]
[PlyCount "61"]
[EventDate "2014.03.26"]
[EventType "tourn"]
[EventRounds "9"]
[EventCountry "DEN"]
[EventCategory "9"]
[SourceTitle "CBM 159 Extra"]
[Source "ChessBase"]
[SourceDate "2014.04.24"]

1. e4 g6 2. d4 Bg7 3. Nc3 d6 4. Be3 a6 5. Qd2 b5 6. h4 h5 7. Nh3 Bxh3 8. Rxh3
Nf6 9. f3 Nbd7 10. O-O-O Rc8 11. e5 dxe5 12. dxe5 Nxe5 13. Qe2 Ned7 14. g4 c6
15. Bd4 Kf8 16. Bxf6 Bxf6 17. Qd2 Rc7 18. Ne4 Kg7 19. g5 Be5 20. f4 Bd6 21.
Nxd6 exd6 22. Qxd6 Rb7 23. Re3 Re8 24. Qd4+ Kh7 25. Bh3 Rxe3 26. Qxe3 Qb6 27.
Qe8 Nf8 28. Qxf8 Qe3+ 29. Kb1 Qxh3 30. Qh6+ Kg8 31. Rd8# 1-0

[Event "Copenhagen GM"]
[Site "Copenhagen"]
[Date "2014.03.26"]
[Round "1"]
[White "Mikkelsen, Nikolaj"]
[Black "Andersen, Mads"]
[Result "1/2-1/2"]
[WhiteElo "2423"]
[BlackElo "2497"]
[PlyCount "75"]
[EventDate "2014.03.26"]
[EventType "tourn"]
[EventRounds "9"]
[EventCountry "DEN"]
[EventCategory "9"]
[SourceTitle "CBM 159 Extra"]
[Source "ChessBase"]
[SourceDate "2014.04.24"]

1. e4 e5 2. Nf3 Nc6 3. d4 exd4 4. Nxd4 Qf6 5. Nb5 Bc5 6. Qd2 Bb6 7. N1c3 Nge7
8. Qf4 Qxf4 9. Bxf4 d6 10. Be3 Ba5 11. a3 a6 12. b4 axb5 13. bxa5 Be6 14. Bxb5
O-O 15. a6 bxa6 16. Bd3 Ne5 17. Kd2 Nc4+ 18. Bxc4 Bxc4 19. Rhb1 Rfb8 20. Rb4
Rxb4 21. axb4 Rb8 22. b5 axb5 23. Ra7 Rc8 24. Rb7 f5 25. f3 fxe4 26. fxe4 Kf7
27. Nxb5 Bxb5 28. Rxb5 Nc6 29. Kd3 Ke6 30. Rh5 h6 31. Rh3 Ra8 32. Bd4 Nxd4 33.
Kxd4 Ra4+ 34. Kd3 Ke5 35. Rh5+ g5 36. Rxh6 Rd4+ 37. Kc3 Rxe4 38. Rh7 1/2-1/2

[Event "Copenhagen GM"]
[Site "Copenhagen"]
[Date "2014.03.30"]
[Round "7"]
[White "Mikkelsen, Nikolaj"]
[Black "Rasmussen, Allan Stig"]
[Result "0-1"]
[WhiteElo "2423"]
[BlackElo "2487"]
[PlyCount "70"]
[EventDate "2014.03.26"]
[EventType "tourn"]
[EventRounds "9"]
[EventCountry "DEN"]
[EventCategory "9"]
[SourceTitle "CBM 159 Extra"]
[Source "ChessBase"]
[SourceDate "2014.04.24"]

1. e4 e6 2. d4 d5 3. Nd2 Nc6 4. Ngf3 Nf6 5. e5 Nd7 6. Bd3 Nb4 7. Be2 c5 8. c3
Nc6 9. Bd3 f6 10. exf6 Qxf6 11. Nf1 cxd4 12. Bg5 Qf7 13. cxd4 Bd6 14. Ne3 O-O
15. Bh4 Qh5 16. Bg3 Bxg3 17. fxg3 e5 18. dxe5 Ndxe5 19. O-O Bg4 20. Be2 Rad8
21. h3 Bxf3 22. Bxf3 Nxf3+ 23. Rxf3 Rxf3 24. Qxf3 Qe5 25. Rf1 Qe6 26. Nf5 d4
27. Qg4 Qf6 28. Nh4 Qe5 29. Nf5 Kh8 30. Kh2 d3 31. Re1 Qf6 32. Re6 Ne5 33. Qd4
Nf3+ 34. gxf3 Qxd4 35. Nxd4 d2 0-1

[Event "Copenhagen GM"]
[Site "Copenhagen"]
[Date "2014.03.27"]
[Round "3"]
[White "Mikkelsen, Nikolaj"]
[Black "Teplyi, Igor"]
[Result "1/2-1/2"]
[WhiteElo "2423"]
[BlackElo "2395"]
[PlyCount "89"]
[EventDate "2014.03.26"]
[EventType "tourn"]
[EventRounds "9"]
[EventCountry "DEN"]
[EventCategory "9"]
[SourceTitle "CBM 159 Extra"]
[Source "ChessBase"]
[SourceDate "2014.04.24"]

1. e4 c5 2. b3 d6 3. Bb2 e5 4. Bc4 Nf6 5. Nc3 Be7 6. Nge2 O-O 7. d3 Nc6 8. O-O
Nd4 9. h3 Bd7 10. a4 Bc6 11. f4 Qd7 12. fxe5 dxe5 13. Ng3 Ne8 14. Nf5 Nxf5 15.
Rxf5 Nd6 16. Rf1 Nxc4 17. bxc4 Bg5 18. Nd5 f6 19. a5 Rfe8 20. Qe2 Rab8 21. Bc1
Bxc1 22. Rfxc1 Rf8 23. Rf1 Rf7 24. Rf3 Rbf8 25. Qf2 Qd6 26. Ne3 Bd7 27. Rb1 Be6
28. Rb5 Rc8 29. Nf5 Bxf5 30. Rxf5 a6 31. Rb1 Rc6 32. Qd2 Qd4+ 33. Kh1 h6 34.
Rff1 Kh7 35. Rb3 Rcc7 36. Qe2 Qd7 37. Rfb1 Qa4 38. Qe1 Kh8 39. Qc3 Kh7 40. Rb6
Qd7 41. Rf1 Qa4 42. Rd6 Qe8 43. Qa3 Qe7 44. Rd5 Rc6 45. Qc3 1/2-1/2